[Event "British Universities-ch"]
[Site "Leicester"]
[Date "2024.02.25"]
[Round "?"]
[White "Kuhendiran, Tharshan"]
[Black "Choong, Han Sen"]
[Result "0-1"]
[WhiteElo "1765"]
[BlackElo "1816"]
[PlyCount "46"]
[EventDate "2024.02.24"]
[EventType "team-swiss (rapid)"]
[EventRounds "9"]
[EventCountry "ENG"]
[SourceTitle "CB11_2024"]
[SourceDate "2024.03.13"]
[SourceVersion "1"]
[SourceVersionDate "2024.03.13"]
[SourceQuality "1"]
[WhiteTeam "Nottingham"]
[BlackTeam "Imperial"]
[WhiteTeamCountry "ENG"]
[BlackTeamCountry "ENG"]

1. f4 d5 2. Nf3 Nc6 3. e3 a6 4. Be2 Bg4 5. 0-0 e6 6. Ne5 Nxe5 7. fxe5 Bf5 8. d4 b5 9. Bd3 Nh6 10. a4 b4 11. Bxf5 Nxf5 12. c3 Be7 13. Qe2 0-0 14. a5 c5 15. Nd2 Qc7 16. e4 dxe4 17. g4 Nh4 18. Nxe4 cxd4 19. cxd4 Rad8 20. Be3 Qc6 21. Ng3 f6 22. Rac1 Qb7 23. Qc4 Qg2# 0-1

[Event "British Universities-ch"]
[Site "Leicester"]
[Date "2024.02.25"]
[Round "?"]
[White "Kuhendiran, Tharshan"]
[Black "MacNeil, Elliott"]
[Result "1-0"]
[WhiteElo "1765"]
[BlackElo "1677"]
[PlyCount "67"]
[EventDate "2024.02.24"]
[EventType "team-swiss (rapid)"]
[EventRounds "9"]
[EventCountry "ENG"]
[SourceTitle "CB11_2024"]
[SourceDate "2024.03.13"]
[SourceVersion "1"]
[SourceVersionDate "2024.03.13"]
[SourceQuality "1"]
[WhiteTeam "Nottingham"]
[BlackTeam "UCL"]
[WhiteTeamCountry "ENG"]
[BlackTeamCountry "ENG"]

1. f4 f5 2. b3 Nf6 3. Bb2 d6 4. Nf3 g6 5. e3 Bg7 6. Be2 0-0 7. 0-0 Nc6 8. c4 Qe8 9. Nc3 e5 10. Nd5 Nxd5 11. cxd5 Ne7 12. fxe5 Nxd5 13. Bc4 Be6 14. Qc1 Rc8 15. exd6 cxd6 16. Bxg7 Kxg7 17. Qb2+ Nf6 18. Bxe6 Qxe6 19. Nd4 Qe5 20. Rac1 Ng4 21. Ne6+ Kf6 22. Qxe5+ Nxe5 23. Nxf8 Rxf8 24. Rc7 Nf7 25. Rxb7 Rc8 26. Rxa7 Rc2 27. Rb1 Ne5 28. b4 Rxd2 29. b5 Nc4 30. b6 Nxe3 31. b7 Rxg2+ 32. Kh1 Rd2 33. b8Q Ng4 34. Rxh7 1-0

[Event "British Universities-ch"]
[Site "Leicester"]
[Date "2024.02.24"]
[Round "?"]
[White "Miller, Dominic"]
[Black "Kuhendiran, Tharshan"]
[Result "0-1"]
[WhiteElo "2023"]
[BlackElo "1765"]
[PlyCount "57"]
[EventDate "2024.02.24"]
[EventType "team-swiss (rapid)"]
[EventRounds "9"]
[EventCountry "ENG"]
[SourceTitle "CB11_2024"]
[SourceDate "2024.03.13"]
[SourceVersion "1"]
[SourceVersionDate "2024.03.13"]
[SourceQuality "1"]
[WhiteTeam "Oxford"]
[BlackTeam "Nottingham"]
[WhiteTeamCountry "ENG"]
[BlackTeamCountry "ENG"]

1. e4 d5 2. exd5 Qxd5 3. Nc3 Qd6 4. d4 Nf6 5. Nf3 c6 6. Ne5 Nbd7 7. Nc4 Qc7 8. Qf3 Nb6 9. Bf4 Qd8 10. Be5 Be6 11. Na5 Qd7 12. Nb3 Bxb3 13. axb3 Qe6 14. Be2 g6 15. 0-0 Bg7 16. Nb5 cxb5 17. Bxb5+ Kf8 18. Qxb7 Nfd7 19. Bc7 Bf6 20. d5 Qf5 21. c4 Kg7 22. Rxa7 Rxa7 23. Qxa7 Nc8 24. Qb7 Nc5 25. Qc6 Nd3 26. c5 Nxf2 27. Bg3 Nh3+ 28. gxh3 Bd4+ 29. Bf2 0-1

[Event "London Mindsports Rapid"]
[Site "London"]
[Date "2022.09.11"]
[Round "8.9"]
[White "Kuhendiran, Tharshan"]
[Black "Wilks, Simon"]
[Result "0-1"]
[WhiteElo "1774"]
[BlackElo "1943"]
[PlyCount "74"]
[EventDate "2022.09.11"]
[EventType "swiss (rapid)"]
[EventRounds "9"]
[EventCountry "ENG"]
[SourceTitle "CBM 210 Extra"]
[Source "ChessBase"]
[SourceDate "2022.11.30"]
[SourceVersion "1"]
[SourceVersionDate "2022.11.30"]
[SourceQuality "1"]

1. f4 d5 2. Nf3 g6 3. e3 Bg7 4. Be2 c5 5. 0-0 Bg4 6. d4 Nc6 7. Bb5 Nf6 8. Qe1 0-0 9. Bxc6 bxc6 10. Ne5 Bf5 11. c3 Qc7 12. Nd2 cxd4 13. exd4 c5 14. Ndf3 Rab8 15. Qe2 Rfc8 16. dxc5 Qxc5+ 17. Be3 Qc7 18. Ng5 Rf8 19. h3 h6 20. Ngf3 Ne4 21. Rfd1 Rfd8 22. Bd4 Qb7 23. b3 Nd6 24. Rac1 Rbc8 25. g4 Be4 26. Nd2 Nb5 27. Nxe4 dxe4 28. Qe3 a6 29. c4 Nxd4 30. Rxd4 Rxd4 31. Qxd4 g5 32. Re1 gxf4 33. Rxe4 Qc7 34. Qd5 e6 35. Qd4 Rd8 36. Qb2 Rd1+ 37. Kh2 Qc5 0-1

[Event "Amersham e2e4 Challengers op"]
[Site "Amersham"]
[Date "2012.05.19"]
[Round "2"]
[White "Kuhendiran, Tharshan"]
[Black "Grieve, Harry"]
[Result "1/2-1/2"]
[WhiteElo "1778"]
[BlackElo "1774"]
[PlyCount "49"]
[EventDate "2012.05.18"]
[EventType "swiss"]
[EventRounds "5"]
[EventCountry "ENG"]
[SourceTitle "EXT 2014"]
[Source "ChessBase"]
[SourceDate "2013.11.20"]
[SourceVersion "1"]
[SourceVersionDate "2013.11.20"]
[SourceQuality "1"]

1. f4 d5 2. b3 Nf6 3. Bb2 c5 4. Nf3 Nc6 5. e3 b6 6. Be2 Bb7 7. 0-0 e6 8. Ne5 Be7 9. Bf3 0-0 10. a4 Rc8 11. Qe1 Nd7 12. Qg3 f6 13. Nxc6 Bxc6 14. Qg4 Rf7 15. Qxe6 Nf8 16. Qh3 Bd7 17. f5 Be8 18. Be2 g6 19. e4 Bd7 20. Qh4 dxe4 21. Bc4 Bxf5 22. Bxf7+ Kxf7 23. c4 Rc6 24. Bc3 a6 25. Na3 1/2-1/2

[Event "Sunningdale e2e4 Major op"]
[Site "Sunningdale"]
[Date "2011.05.30"]
[Round "6"]
[White "Walshaw, David"]
[Black "Kuhendiran, Tharshan"]
[Result "1-0"]
[WhiteElo "1658"]
[BlackElo "1546"]
[PlyCount "203"]
[EventDate "2011.05.27"]
[EventType "swiss"]
[EventRounds "7"]
[EventCountry "ENG"]
[SourceTitle "EXT 2023"]
[Source "ChessBase"]
[SourceDate "2022.10.05"]
[SourceVersion "1"]
[SourceVersionDate "2022.10.05"]
[SourceQuality "1"]

1. e4 d5 2. exd5 Qxd5 3. Nc3 Qd6 4. d4 Nf6 5. Bd3 c6 6. Nge2 Bg4 7. f3 Bh5 8. Bf4 Qd8 9. Qd2 e6 10. 0-0-0 Be7 11. Kb1 Nbd7 12. h4 Bg6 13. g4 Bxd3 14. Qxd3 Qa5 15. Nc1 a6 16. Nb3 Qb6 17. Rhe1 0-0-0 18. Qe3 Bb4 19. Bg3 Bxc3 20. Qxc3 h6 21. Qd2 Qb5 22. Rc1 Qb6 23. c4 Nf8 24. h5 Rg8 25. Qf4 N8d7 26. c5 Nd5 27. cxb6 Nxf4 28. Bxf4 Nxb6 29. Bg3 Nd5 30. Bf2 Nf4 31. Red1 Rge8 32. Nc5 Rd5 33. Rc2 Red8 34. Rcd2 Nh3 35. Be3 Ng5 36. Bxg5 Rxg5 37. Nb3 Rd6 38. Re1 b6 39. Re5 f5 40. gxf5 exf5 41. Rh2 Rf6 42. f4 Rg4 43. Rhe2 Rf7 44. Re7 Rxe7 45. Rxe7 Rxf4 46. Rxg7 Rh4 47. Rg6 Rxh5 48. Rxc6+ Kb7 49. Rf6 Kc7 50. Nd2 Rh4 51. Rxf5 Rxd4 52. Kc2 Rh4 53. Kc3 h5 54. Rf7+ Kc6 55. Rf6+ Kc7 56. Nc4 b5 57. Rf7+ Kc6 58. Ne5+ Kb6 59. Rh7 Rh3+ 60. Nd3 h4 61. Rh6+ Ka7 62. Kd4 Rh2 63. a3 Rh1 64. b4 Rh2 65. Rh7+ Kb6 66. Rh6+ Ka7 67. Nc5 h3 68. Rxa6+ Kb8 69. Rh6 Rh1 70. Nd3 Ra1 71. Rxh3 Rxa3 72. Rh5 Ra7 73. Rxb5+ Kc8 74. Nc5 Rh7 75. Kd5 Rh5+ 76. Kd6 Rh1 77. Ra5 Rd1+ 78. Kc6 Kd8 79. b5 Rh1 80. Ra8+ Ke7 81. Ra7+ Kd8 82. Rd7+ Ke8 83. b6 Rh6+ 84. Rd6 Rh1 85. b7 Rb1 86. Rd3 Rxb7 87. Nxb7 Ke7 88. Rd6 Kf7 89. Kd5 Ke7 90. Na5 Kf7 91. Ke5 Ke7 92. Rh6 Kf7 93. Kf5 Kg7 94. Ra6 Kf7 95. Ra7+ Kf8 96. Kf6 Ke8 97. Rh7 Kd8 98. Ke6 Kc8 99. Kd6 Kb8 100. Kc6 Ka8 101. Kb6 Kb8 102. Rh8# 1-0

[Event "Sunningdale e2e4 Major op"]
[Site "Sunningdale"]
[Date "2011.05.28"]
[Round "2"]
[White "Kuhendiran, Tharshan"]
[Black "Bryant, Jonathan"]
[Result "0-1"]
[WhiteElo "1546"]
[BlackElo "1954"]
[PlyCount "50"]
[EventDate "2011.05.27"]
[EventType "swiss"]
[EventRounds "7"]
[EventCountry "ENG"]
[SourceTitle "EXT 2023"]
[Source "ChessBase"]
[SourceDate "2022.10.05"]
[SourceVersion "1"]
[SourceVersionDate "2022.10.05"]
[SourceQuality "1"]

1. f4 Nf6 2. b3 d6 3. Bb2 Nbd7 4. Nf3 e5 5. fxe5 dxe5 6. Nxe5 Nxe5 7. Bxe5 Ng4 8. Bb2 Bd6 9. g3 Nxh2 10. Rg1 Qg5 11. Bd4 Bxg3+ 12. Rxg3 Qxg3+ 13. Bf2 Qg6 14. d3 Nxf1 15. Kxf1 Bh3+ 16. Ke1 Qf6 17. c3 0-0-0 18. Qc2 Rhe8 19. a4 Qf3 20. d4 Bf5 21. Qb2 Qh1+ 22. Kd2 Qf1 23. Be3 Rxe3 24. Kxe3 Re8+ 25. Kd2 Rxe2# 0-1